| 000 | 01009nam0a22002411i 4500 | ||
|---|---|---|---|
| 001 | rc\932814 | ||
| 005 | 20240726023121.0 | ||
| 035 | _a(NLR Aleph) 006105830 | ||
| 090 |
_a5306957 _c5306957 |
||
| 100 | _a20041129d1982 u |0rusy50 ca | ||
| 101 | 0 | _arus | |
| 102 | _aRU | ||
| 105 | _ay ||||||||| | ||
| 200 | 1 |
_aПредупреждение постишемической острой почечной недостаточности фармакологическими средствами _e(Эксперим. исслед.) _eАвтореф. дис. на соиск. учен. степ. канд. мед. наук _e(14.00.16) |
|
| 210 |
_aМ. _d1982 |
||
| 215 | _a18 с. | ||
| 300 | _aВ надзаг.: Второй моск. гос. мед. ин-т им. Н.И. Пирогова | ||
| 320 | _aБиблиогр.: с. 17-18 (14 назв.) | ||
| 700 | 1 |
_aЧушев _bИ.М. _gИгорь Михайлович |
|
| 801 | 0 |
_aRU _bNLR _gpsbo |
|
| 801 | 1 |
_aRU _bELAR _2rusmarc |
|
| 852 |
_aNLR _j83-4/21624 |
||
| 942 | _cBOOK | ||